Goethes Werke (Record no. 6473)

MARC details
000 -CABECERA
campo de control de longitud fija 00664nam a2200229 a 4500
001 - NÚMERO DE CONTROL
campo de control BRCA_6790
005 - FECHA Y HORA DE LA ÚLTIMA TRANSACCIÓN
campo de control 20190320205606.0
008 - DATOS DE LONGITUD FIJA--INFORMACIÓN GENERAL
campo de control de longitud fija 311011s1830----gw-#######---#000-0#ger-#
041 ## - CÓDIGO DE LENGUA
Código de lengua del texto/banda sonora o título independiente ger
044 ## - CÓDIGO DEL PAÍS DE LA ENTIDAD EDITORA/PRODUCTORA
Código MARC del país gw
050 #4 - SIGNATURA TOPOGRÁFICA DE LA BIBLIOTECA DEL CONGRESO
Número de clasificación PT1891
Número de documento/Ítem .A58
245 10 - MENCIÓN DE TÍTULO
Título Goethes Werke
Mención de responsabilidad, etc. herausgegeben von Karl Alt
260 ## - PUBLICACIÓN, DISTRIBUCIÓN, ETC.
Lugar de publicación, distribución, etc. Berlín
Nombre del editor, distribuidor, etc. Deutsches Verlagshaus Beng
Fecha de publicación, distribución, etc. [18--?]
300 ## - DESCRIPCIÓN FÍSICA
Extensión 8 t. en 20 v.
Otras características físicas il., retratos
Dimensiones 19 cm.
440 #0 - MENCIÓN DE SERIE/PUNTO DE ACCESO ADICIONAL--TÍTULO
Título Goldene Klassiker-Bibliothek
9 (RLIN) 16932
500 ## - NOTA GENERAL
Nota general I148
650 14 - PUNTO DE ACCESO ADICIONAL DE MATERIA--TÉRMINO DE MATERIA
Término de materia o nombre geográfico como elemento de entrada Goethe Johann Wolfgang von
Subdivisión cronológica 1749-1832
9 (RLIN) 16933
650 14 - PUNTO DE ACCESO ADICIONAL DE MATERIA--TÉRMINO DE MATERIA
Término de materia o nombre geográfico como elemento de entrada Literatura Alemana
9 (RLIN) 6160
700 1# - PUNTO DE ACCESO ADICIONAL--NOMBRE DE PERSONA
Nombre de persona Alt, Karl Hermann
Término indicativo de función/relación Editor
9 (RLIN) 16934
902 ## - CATALOGADOR
Iniciales GFM
942 ## - ELEMENTOS DE PUNTO DE ACCESO ADICIONAL (KOHA)
Fuente del sistema de clasificación o colocación Library of Congress Classification
Tipo de ítem Koha Libros
Holdings
Estado de retiro Estado de pérdida Estado dañado No para préstamo Localización permanente Ubicación/localización actual Fecha de adquisición Número de inventario Total de préstamos Signatura topográfica completa Código de barras Fecha visto por última vez Precio válido a partir de Tipo de ítem Koha
Activo (en colección)       Biblioteca del Museo Franz Mayer (Rogerio Casas-Alatriste) Biblioteca del Museo Franz Mayer (Rogerio Casas-Alatriste) 31/10/2011 I148   PT1891 .A58 (I148) 7237 22/03/2019 22/03/2019 Libros